Statistics for Hottest Capital Cities

Click here to take the quiz!

General Stats

  • This quiz has been taken 19,545 times
    (8,997 since last reset)
  • The average score is 12 of 30

Answer Stats

°C°FAnswer% Correct
33.391.9Riyadh
78%
31.488.5New Delhi
77%
34.594.0Abu Dhabi
68%
32.790.9Doha
62%
34.393.7Kuwait City
61%
37.098.6Khartoum
60%
33.391.9Bangkok
59%
33.392.0Muscat
58%
33.091.5Abuja
49%
32.490.3Kuala Lumpur
47%
35.896.4N'Djamena
43%
34.594.1Juba
41%
35.095.0Bamako
41%
36.297.2Niamey
40%
33.892.8Panama City
38%
33.993.0Djibouti
36%
32.991.2Phnom Penh
33%
34.994.8Ouagadougou
32%
32.490.4Nouakchott
32%
31.689.0Bangui
31%
31.488.5Kingston
24%
32.089.6Banjul
24%
32.891.2Port-au-Prince
22%
32.590.5Naypyidaw
22%
31.989.4Conakry
21%
31.388.3Port Moresby
21%
31.889.2Managua
20%
31.588.7Bissau
20%
31.889.2Bandar Seri Begawan
17%
31.488.6South Tarawa
6%

Score Distribution

Percentile by Number Answered

Percent of People with Each Score

Your Score History

You have not taken this quiz since the last reset